[Event "EU-ch blitz"]
[Site "Tallinn"]
[Date "2019.12.07"]
[Round "9"]
[White "Lobanov, Sergei"]
[Black "Poznyak, Nazar"]
[Result "1-0"]
[WhiteElo "2394"]
[BlackElo "2211"]
[PlyCount "67"]
[EventDate "2019.12.07"]
[EventType "swiss (blitz)"]
[EventRounds "22"]
[EventCountry "EST"]
[SourceTitle "CBM 193 Extra"]
[Source "ChessBase"]
[SourceDate "2020.01.31"]
[SourceVersion "1"]
[SourceVersionDate "2020.01.31"]
[SourceQuality "1"]

1. e4 c5 2. Nf3 a6 3. Nc3 e6 4. d4 cxd4 5. Nxd4 b5 6. Bd3 Ne7 7. 0-0 Nbc6 8. Nb3 Bb7 9. Be3 Ng6 10. f4 Be7 11. Qh5 Nb4 12. Rad1 Nxd3 13. Rxd3 0-0 14. Rfd1 d6 15. e5 d5 16. Nd4 Rc8 17. Bc1 b4 18. Nce2 a5 19. Rh3 Nh4 20. g3 g6 21. Qh6 Ba6 22. gxh4 Bxe2 23. Nxe2 Rxc2 24. h5 Bc5+ 25. Kf1 Qd7 26. Rd2 Rc4 27. Rdd3 f6 28. hxg6 fxe5 29. Rdg3 Rxc1+ 30. Nxc1 Rxf4+ 31. Rf3 Qb5+ 32. Ne2 Rxf3+ 33. Rxf3 hxg6 34. Qxg6+ 1-0

[Event "EU-ch blitz"]
[Site "Tallinn"]
[Date "2019.12.07"]
[Round "8"]
[White "Studer, Noel"]
[Black "Poznyak, Nazar"]
[Result "1-0"]
[WhiteElo "2394"]
[BlackElo "2211"]
[PlyCount "71"]
[EventDate "2019.12.07"]
[EventType "swiss (blitz)"]
[EventRounds "22"]
[EventCountry "EST"]
[SourceTitle "CBM 193 Extra"]
[Source "ChessBase"]
[SourceDate "2020.01.31"]
[SourceVersion "1"]
[SourceVersionDate "2020.01.31"]
[SourceQuality "1"]

1. d4 Nf6 2. c4 e6 3. Nf3 b6 4. g3 Bb7 5. Bg2 Be7 6. 0-0 0-0 7. Re1 Ne4 8. Qc2 d5 9. cxd5 exd5 10. Bf4 Bd6 11. Bxd6 Qxd6 12. Nc3 Nd7 13. Rac1 c5 14. Red1 Rac8 15. dxc5 Ndxc5 16. Nb5 Qb8 17. Qb1 a6 18. Nbd4 Rfe8 19. e3 h6 20. Bh3 Rc7 21. Nf5 Qd8 22. N3d4 Ne6 23. Rxc7 Qxc7 24. Rc1 Qe5 25. Qd3 N6c5 26. Qe2 Nf6 27. Bg2 Kh7 28. Qc2 g6 29. Nh4 Kg7 30. Bh3 Nfe4 31. Qe2 Ng5 32. Bf1 Nge4 33. Nhf3 Qe7 34. a3 Qd6 35. Nh4 Qe7 36. Nhf5+ 1-0

[Event "Chigorin Memorial 27th"]
[Site "St Petersburg"]
[Date "2019.10.08"]
[Round "4"]
[White "Vokhidov, Shamsiddin"]
[Black "Poznyak, Nazar"]
[Result "1-0"]
[WhiteElo "2519"]
[BlackElo "2124"]
[PlyCount "65"]
[EventDate "2019.10.05"]
[EventType "swiss"]
[EventRounds "9"]
[EventCountry "RUS"]
[SourceTitle "EXT 2020"]
[Source "ChessBase"]
[SourceDate "2019.10.17"]
[SourceVersion "1"]
[SourceVersionDate "2019.10.17"]
[SourceQuality "1"]

1. e4 c5 2. Nf3 Nf6 3. e5 Nd5 4. g3 Nc6 5. Bg2 e6 6. 0-0 Qc7 7. Re1 a6 8. b3 f5 9. Bb2 b5 10. d3 Bb7 11. c4 bxc4 12. dxc4 Nde7 13. Nc3 Nc8 14. Qd2 Nb6 15. Rad1 Be7 16. Nd5 exd5 17. cxd5 Nxd5 18. Qxd5 Nd4 19. Qxb7 Ne2+ 20. Rxe2 Qxb7 21. Nd4 Qc8 22. Nxf5 Kf8 23. e6 dxe6 24. Bxg7+ Kf7 25. Nxe7 Kxe7 26. Bxh8 Qxh8 27. Bxa8 Qxa8 28. Rde1 h5 29. Rxe6+ Kf7 30. Re7+ Kf6 31. R1e6+ Kf5 32. Re5+ Kf6 33. Re8 1-0

[Event "RUS-chT U14 final"]
[Site "Sochi"]
[Date "2019.05.02"]
[Round "2.1"]
[White "Sabirov, Timur"]
[Black "Poznyak, Nazar"]
[Result "0-1"]
[WhiteElo "1984"]
[BlackElo "2209"]
[PlyCount "148"]
[EventDate "2019.05.01"]
[EventType "team-tourn"]
[EventRounds "9"]
[EventCountry "RUS"]
[SourceTitle "CBM 190 Extra"]
[Source "ChessBase"]
[SourceDate "2019.07.15"]
[SourceVersion "1"]
[SourceVersionDate "2019.07.15"]
[SourceQuality "1"]

1. d4 Nf6 2. c4 e6 3. g3 c5 4. d5 exd5 5. cxd5 d6 6. Nc3 g6 7. Bg2 Bg7 8. Nf3 0-0 9. 0-0 Re8 10. Nd2 b6 11. Nde4 Nxe4 12. Nxe4 Bf5 13. Nc3 Nd7 14. Re1 Ne5 15. Bf4 a6 16. Rc1 b5 17. b3 Qa5 18. Qd2 c4 19. Nb1 Qxd2 20. Nxd2 c3 21. Nf1 b4 22. Ne3 Bd7 23. Bxe5 Bxe5 24. Nc2 a5 25. Bf1 Kg7 26. Red1 Bf5 27. e3 Bg4 28. Re1 Bf3 29. Bg2 Bxg2 30. Kxg2 f5 31. Red1 Kf7 32. Rd3 Reb8 33. Rdd1 Rb5 34. Kf1 a4 35. Ra1 Raa5 36. Ke1 Ke7 37. Rdc1 Kd7 38. Rd1 Bf6 39. h3 h5 40. h4 Be5 41. Ke2 Kc7 42. Ke1 Kb7 43. Ke2 Kb6 44. Ke1 Kc5 45. Ke2 Rb7 46. f4 Bf6 47. a3 bxa3 48. b4+ Rxb4 49. Nxb4 Kxb4 50. Rdb1+ Kc4 51. Rxa3 c2 52. Rc1 Kb4 53. Ra2 Rc5 54. Kd3 Rc3+ 55. Kd2 Kb3 56. Raxc2 Rxc2+ 57. Rxc2 a3 58. Kd3 a2 59. Rxa2 Kxa2 60. Kc4 Kb2 61. Kb5 Bc3 62. Kc6 Bb4 63. Kd7 Kc3 64. Ke6 Kc4 65. Kf6 Kxd5 66. Kxg6 Ke4 67. Kxh5 Kxe3 68. g4 fxg4 69. Kxg4 d5 70. h5 Bf8 71. Kg5 d4 72. Kg6 d3 73. Kf7 Bh6 74. Kg6 Bxf4 0-1

[Event "RUS-chT U14 final"]
[Site "Sochi"]
[Date "2019.05.01"]
[Round "1.1"]
[White "Poznyak, Nazar"]
[Black "Matushchak, Nikita"]
[Result "1-0"]
[WhiteElo "2209"]
[BlackElo "1972"]
[PlyCount "49"]
[EventDate "2019.05.01"]
[EventType "team-tourn"]
[EventRounds "9"]
[EventCountry "RUS"]
[SourceTitle "CBM 190 Extra"]
[Source "ChessBase"]
[SourceDate "2019.07.15"]
[SourceVersion "1"]
[SourceVersionDate "2019.07.15"]
[SourceQuality "1"]

1. d4 Nf6 2. c4 e6 3. g3 b6 4. Bg2 d5 5. Nc3 Bb7 6. cxd5 exd5 7. Bg5 Be7 8. Qa4+ Qd7 9. Qb3 c6 10. Nf3 Qf5 11. h4 h6 12. Bh3 Qh7 13. Bxf6 Bxf6 14. 0-0 0-0 15. Rfe1 Re8 16. e4 dxe4 17. Nd2 e3 18. Rxe3 Na6 19. Rae1 Rxe3 20. Rxe3 Bxd4 21. Re7 Qg6 22. Nce4 Rb8 23. Rxf7 Kh8 24. Bf5 Qh5 25. Nf3 1-0

[Event "EU-ch blitz"]
[Site "Skopje"]
[Date "2018.12.06"]
[Round "2"]
[White "Poznyak, Nazar"]
[Black "Ruck, Robert"]
[Result "0-1"]
[WhiteElo "2181"]
[BlackElo "2512"]
[PlyCount "96"]
[EventDate "2018.12.06"]
[EventType "swiss (blitz)"]
[EventRounds "22"]
[EventCountry "MKD"]
[SourceTitle "CBM 187 Extra"]
[Source "ChessBase"]
[SourceDate "2018.11.04"]
[SourceVersion "1"]
[SourceVersionDate "2018.11.04"]
[SourceQuality "1"]

1. d4 Nf6 2. Nf3 e6 3. c4 b6 4. g3 Ba6 5. b3 d5 6. Bg2 dxc4 7. Ne5 Bb4+ 8. Bd2 cxb3 9. axb3 Bxd2+ 10. Qxd2 Nd5 11. 0-0 0-0 12. Nc3 Bb7 13. e4 Ne7 14. Rfc1 Nd7 15. Nc4 Nf6 16. Qe3 a6 17. b4 Nc6 18. b5 axb5 19. Rxa8 Qxa8 20. Nxb5 Rc8 21. d5 exd5 22. exd5 Nb4 23. d6 Bxg2 24. Nxc7 Qb7 25. d7 Rf8 26. Nd6 Qb8 27. Kxg2 Nxd7 28. Qb3 Na6 29. Qc4 Nxc7 30. Qxc7 Qa8+ 31. Kg1 Ne5 32. Qb7 Qxb7 33. Nxb7 Rb8 34. Nd6 Kf8 35. Rb1 Nd7 36. h4 g6 37. Re1 b5 38. Rb1 b4 39. Nc4 Nc5 40. h5 gxh5 41. Ne5 Rb7 42. Nc6 b3 43. Na5 Rb5 44. Nc4 Ke7 45. Re1+ Kf6 46. Kg2 b2 47. Rb1 Na4 48. Kh3 Rb4 0-1

[Event "Chigorin Memorial 26th"]
[Site "St Petersburg"]
[Date "2018.10.31"]
[Round "5"]
[White "Trifonov, Vladislav"]
[Black "Poznyak, Nazar"]
[Result "0-1"]
[WhiteElo "1749"]
[BlackElo "2016"]
[PlyCount "36"]
[EventDate "2018.10.27"]
[EventType "swiss"]
[EventRounds "9"]
[EventCountry "RUS"]
[SourceTitle "CBM 187 Extra"]
[Source "ChessBase"]
[SourceDate "2018.11.04"]
[SourceVersion "1"]
[SourceVersionDate "2018.11.04"]
[SourceQuality "1"]

1. d4 Nf6 2. c4 c5 3. d5 b5 4. cxb5 a6 5. bxa6 g6 6. Nc3 Bxa6 7. e4 Bxf1 8. Kxf1 d6 9. g3 Bg7 10. Kg2 0-0 11. Nf3 Nbd7 12. a4 Ra6 13. Qc2 Qa8 14. Ra2 e6 15. dxe6 fxe6 16. Rd1 d5 17. Nd2 Ng4 18. Rf1 Rxf2+ 0-1

[Event "Chigorin Memorial 26th"]
[Site "St Petersburg"]
[Date "2018.10.29"]
[Round "3"]
[White "Danielyan, Vahe"]
[Black "Poznyak, Nazar"]
[Result "1/2-1/2"]
[WhiteElo "2256"]
[BlackElo "2016"]
[PlyCount "87"]
[EventDate "2018.10.27"]
[EventType "swiss"]
[EventRounds "9"]
[EventCountry "RUS"]
[SourceTitle "CBM 187 Extra"]
[Source "ChessBase"]
[SourceDate "2018.11.04"]
[SourceVersion "1"]
[SourceVersionDate "2018.11.04"]
[SourceQuality "1"]

1. e4 c5 2. Nf3 e6 3. Nc3 a6 4. d4 cxd4 5. Nxd4 b5 6. Bd3 Bb7 7. 0-0 Ne7 8. Be3 Nbc6 9. Kh1 Nxd4 10. Bxd4 Nc6 11. Be3 Be7 12. f4 d6 13. Qf3 Qc7 14. Qh3 Bf6 15. Rad1 Bxc3 16. bxc3 e5 17. f5 f6 18. c4 0-0 19. a4 Nb4 20. cxb5 axb5 21. axb5 Ra3 22. Bb6 Qc3 23. Bf2 Qb2 24. Bc4+ Bd5 25. Bxd5+ Nxd5 26. Rb1 Qa2 27. Rb3 Rxb3 28. Qxb3 Qxb3 29. cxb3 Nc3 30. b6 Nxe4 31. Bg1 d5 32. Re1 Rb8 33. g4 Nc3 34. Bc5 d4 35. Ra1 h6 36. Ra7 Nd5 37. Rd7 Nxb6 38. Rd6 Na8 39. Rd7 Kh7 40. h4 Nb6 41. Rd6 Nc8 42. Rd7 Nb6 43. Rd6 Nc8 44. Rd7 1/2-1/2

[Event "EU-ch U14 28th"]
[Site "Riga"]
[Date "2018.08.21"]
[Round "2"]
[White "Poznyak, Nazar"]
[Black "Oglaza, Oskar"]
[Result "0-1"]
[WhiteElo "2057"]
[BlackElo "2364"]
[PlyCount "64"]
[EventDate "2018.08.20"]
[EventType "swiss"]
[EventRounds "9"]
[EventCountry "LAT"]
[SourceTitle "CBM 186 Extra"]
[Source "ChessBase"]
[SourceDate "2018.08.24"]
[SourceVersion "1"]
[SourceVersionDate "2018.08.24"]
[SourceQuality "1"]

1. d4 Nf6 2. c4 e6 3. Nf3 Bb4+ 4. Bd2 Qe7 5. g3 Bxd2+ 6. Qxd2 Nc6 7. Nc3 d5 8. Rc1 0-0 9. Bg2 dxc4 10. 0-0 Rd8 11. Rfd1 Rb8 12. Qg5 Nd5 13. Qh5 b5 14. Ng5 h6 15. Nge4 b4 16. Na4 Ba6 17. Nac5 Bb5 18. e3 Na5 19. g4 f6 20. Qh3 Bc6 21. Bf1 e5 22. dxe5 Qxe5 23. Bxc4 Nxc4 24. Rxc4 Nb6 25. Rcd4 Rxd4 26. exd4 Qd5 27. b3 Nd7 28. f3 Nxc5 29. Nxc5 Qxf3 30. Qxf3 Bxf3 31. Re1 Bxg4 32. Re7 Rd8 0-1

[Event "RUS-chT U14"]
[Site "Sochi"]
[Date "2015.05.04"]
[Round "4.2"]
[White "Tsoi, Dmitry"]
[Black "Poznyak, Nazar"]
[Result "0-1"]
[WhiteElo "2018"]
[BlackElo "1932"]
[PlyCount "92"]
[EventDate "2015.05.01"]
[EventType "team-swiss"]
[EventRounds "7"]
[EventCountry "RUS"]
[SourceTitle "EXT 2018"]
[Source "ChessBase"]
[SourceDate "2017.10.13"]
[SourceVersion "1"]
[SourceVersionDate "2017.10.13"]
[SourceQuality "1"]

1. e4 c5 2. Nf3 e6 3. d4 cxd4 4. Nxd4 a6 5. Nc3 d6 6. Be3 Nf6 7. Be2 Qc7 8. a4 b6 9. f4 Bb7 10. Bf3 Nbd7 11. Qe2 Be7 12. g4 Nc5 13. Qg2 g5 14. f5 e5 15. Nde2 h6 16. b3 0-0-0 17. Rd1 Kb8 18. 0-0 Rdg8 19. h3 h5 20. b4 hxg4 21. hxg4 Ncd7 22. Rd3 Rh6 23. Ra1 Rgh8 24. a5 Rh2 25. Qxh2 Rxh2 26. Kxh2 bxa5 27. Rxa5 d5 28. Nxd5 Nxd5 29. Raxd5 Bxd5 30. Rxd5 Bxb4 31. Bxg5 f6 32. Be3 Nb6 33. Rd3 Nc4 34. Bf2 a5 35. Kg3 Nb2 36. Rb3 Qxc2 37. Re3 Bc5 38. g5 Nd1 39. Rb3+ Qxb3 40. Bxc5 Qg8 41. g6 a4 42. Nd4 exd4 43. Bxd1 Qc4 44. e5 Qxc5 45. g7 Qxe5+ 46. Kg4 Qe8 0-1

[Event "Hoogeveen Unive op 18th"]
[Site "Hoogeveen"]
[Date "2014.10.16"]
[Round "7"]
[White "Poznyak, Nazar"]
[Black "Fluit, Johnny"]
[Result "1/2-1/2"]
[WhiteElo "1824"]
[BlackElo "2108"]
[PlyCount "132"]
[EventDate "2014.10.11"]
[EventType "swiss"]
[EventRounds "9"]
[EventCountry "NED"]
[SourceTitle "EXT 2015"]
[Source "ChessBase"]
[SourceDate "2014.11.20"]
[SourceVersion "1"]
[SourceVersionDate "2014.11.20"]
[SourceQuality "1"]

1. e4 c6 2. d4 d5 3. Nc3 dxe4 4. Nxe4 Nd7 5. Bc4 Ngf6 6. Ng5 e6 7. Qe2 Nb6 8. Bb3 Qc7 9. N1f3 h6 10. Nh3 Bd6 11. Ne5 c5 12. dxc5 Qxc5 13. Nd3 Qc7 14. Bf4 a5 15. a3 a4 16. Ba2 Nbd5 17. Bxd6 Qxd6 18. 0-0 0-0 19. Rfd1 Qc7 20. c4 Ne7 21. Nhf4 b6 22. c5 bxc5 23. Rac1 Ra5 24. Qe5 Qxe5 25. Nxe5 Ba6 26. Bc4 Bxc4 27. Nxc4 Rb5 28. Nd3 Rd8 29. Ne3 Ned5 30. Nxc5 Rxb2 31. Nxa4 Rb3 32. Rc3 Nxc3 33. Rxd8+ Kh7 34. Nxc3 Rxc3 35. a4 Nd5 36. Nf1 Ra3 37. Ra8 Nb6 38. Ra7 Kg6 39. a5 Nc4 40. g3 Rxa5 41. Rc7 Ne5 42. Rc3 Ra2 43. h3 h5 44. Ne3 Nf3+ 45. Kg2 Ng5 46. Rc4 f5 47. Rc6 Ne4 48. Rxe6+ Kf7 49. Re5 g6 50. Nf1 Nxf2 51. Rb5 h4 52. Rb7+ Kf6 53. gxh4 Ne4+ 54. Kg1 Re2 55. Rb6+ Kg7 56. Re6 Kf7 57. Ra6 f4 58. Ra3 Ke6 59. Rf3 Kf5 60. Ra3 g5 61. h5 g4 62. Ra5+ Kf6 63. hxg4 Nd6 64. Nh2 Re3 65. Kg2 Rg3+ 66. Kf1 Rh3 1/2-1/2

[Event "Liechtenstein op 32nd"]
[Site "Triesen"]
[Date "2014.05.27"]
[Round "5"]
[White "Farago, Ivan"]
[Black "Poznyak, Nazar"]
[Result "1-0"]
[WhiteElo "2441"]
[BlackElo "1730"]
[PlyCount "66"]
[EventDate "2014.05.23"]
[EventType "swiss"]
[EventRounds "9"]
[EventCountry "LIE"]
[SourceTitle "CBM 160 Extra"]
[Source "ChessBase"]
[SourceDate "2014.07.01"]
[SourceVersion "1"]
[SourceVersionDate "2014.07.01"]
[SourceQuality "1"]

1. d4 Nf6 2. c4 c5 3. d5 b5 4. cxb5 a6 5. bxa6 g6 6. Nc3 Bxa6 7. Nf3 d6 8. e4 Bxf1 9. Kxf1 Bg7 10. g3 Nbd7 11. Kg2 0-0 12. Qe2 Qb6 13. a4 Rfb8 14. Bd2 Ne8 15. Rhb1 Nc7 16. Ra3 Qa6 17. Nb5 Ne5 18. Bc3 Nxf3 19. Kxf3 Nxb5 20. axb5 Qb7 21. Bxg7 Kxg7 22. Kg2 Re8 23. Rxa8 Qxa8 24. b4 e6 25. bxc5 dxc5 26. b6 exd5 27. b7 Qb8 28. Qb5 Rxe4 29. Qxc5 Re5 30. Qc8 Re8 31. Qxe8 Qxe8 32. b8Q Qe4+ 33. Kg1 d4 1-0